Pokémon - Les attaques de Dardargnan - Statistiques

Statistiques générales
  • Ce quiz a été pris 30 fois
  • Le résultat moyen est 6 sur 13
Statistiques - réponses
Niveaux Types Noms des coups % Correct
Départ Évolution Insecte Double-Dard
73%
Niveau 32 Insecte Dard-Nuée
68%
Niveau 35 Poison Direct Toxik
64%
Niveau 38 Psy Hâte
64%
Niveau 44 Insecte Dard Mortel
59%
Niveau 23 Poison Choc Venin
55%
Départ Niveau 11 Normal Furie
41%
Niveau 29 Poison Pics Toxik
36%
Niveau 17 Ténèbres Poursuite
36%
Niveau 20 Normal Puissance
36%
Niveau 41 Normal Effort
27%
Niveau 14 Normal Frénésie
23%
Niveau 26 Ténèbres Assurance
14%
Aucun quiz correspondant
Distribution des résultats
% des personnes avec chaque résultat
Percentile par nombre de réponses
Votre historique - résultats
Vous n’avez pas pris ce quiz